000 00357 a2200169 4500
001 171424
020 _a85-00-41872-9
040 _cMagnum
100 _aNascimento, Esdras do
240 1 0 _aQuatro num fusca
_lpor
245 1 0 _aQuatro num fusca
300 _a106
362 0 _a1974
440 1 _aEdiouro
697 _aLITERATURA JUVENIL
942 _cBK
999 _c171424
_d171424